| 000 | 00901na a2200277 4500 | ||
|---|---|---|---|
| 001 | 15497 | ||
| 003 | MIRAKIL | ||
| 005 | 20181213155025.0 | ||
| 008 | 161018b tu 000 0 | ||
| 035 | _a15497 | ||
| 040 |
_aMilas _btur _cTR-AnCHP |
||
| 041 |
_aaze _aeng |
||
| 082 |
_a920.09553 _bH39f 2007 |
||
| 090 | _a920.09553 H39f 2007 | ||
| 110 | _aHeydar Aliyev Fondu=Heydar Aliyev Foundation | ||
| 245 |
_aFexri Xiyaban=The Honorary Cemetery _cHeydar Aliyev Fondu=Heydar Aliyev Foundation |
||
| 260 |
_aBakü _bHeydar Aliyev Vakfı _c2007 |
||
| 300 |
_a208 s. _bres. _c21x27 sm. |
||
| 600 |
_aAliyev, Haydar _d1923 -2003 |
||
| 650 |
_aDevlet başkanları _xYaşamöyküsü _zAzerbaycan |
||
| 651 |
_aAzerbaycan _xSanatçılar |
||
| 651 |
_aAzerbaycan _xAskeri kişiler |
||
| 651 |
_aAzerbaycan _xCumhurbaşkanları _yYaşamöyküsü |
||
| 710 | _aHaydar Aliyev Vakfı | ||
| 942 |
_2ddc _cBKS |
||
| 999 |
_c5018 _d5018 |
||